PC Troubleshooting in easy Steps (Record no. 344279)

000 -LEADER
fixed length control field 00395 a2200157 4500
020 ## - INTERNATIONAL STANDARD BOOK NUMBER
International Standard Book Number 8177221477
082 ## - DEWEY DECIMAL CLASSIFICATION NUMBER
Classification number 621.39
090 ## - LOCALLY ASSIGNED LC-TYPE CALL NUMBER (OCLC); LOCAL CALL NUMBER (RLIN)
-- 1765
-- 1765
100 ## - MAIN ENTRY--PERSONAL NAME
Personal name Yarnold,Stuart
245 ## - TITLE STATEMENT
Title PC Troubleshooting in easy Steps
Statement of responsibility, etc. Stuart Yarnold
250 ## - EDITION STATEMENT
Edition statement 1st edition
260 ## - PUBLICATION, DISTRIBUTION, ETC.
Place of publication, distribution, etc. New Delhi
Name of publisher, distributor, etc. Ot dreamtech Press
Date of publication, distribution, etc. 2001
300 ## - PHYSICAL DESCRIPTION
Extent 192p
500 ## - GENERAL NOTE
General note Paper cover
942 ## - ADDED ENTRY ELEMENTS (KOHA)
Institution code [OBSOLETE] NBS
Koha item type Book
Call number prefix 621.39 YAR
Holdings
Withdrawn status Lost status Damaged status Not for loan Permanent Location Current Location Date acquired Total Checkouts Full call number Barcode Date last seen Price effective from Koha item type
        Central Library (CL) Central Library (CL) 08/28/2013   621.39 YAR NBS4099 08/28/2013 08/28/2013 Book
        Central Library (CL) Central Library (CL) 08/28/2013   621.39 YAR NBS4098 08/28/2013 08/28/2013 Book
        Central Library (CL) Central Library (CL) 08/28/2013   621.39 YAR NBS4097 08/28/2013 08/28/2013 Book
        Central Library (CL) Central Library (CL) 08/28/2013   621.39 YAR NBS4096 08/28/2013 08/28/2013 Book
© 2023 Central Library, National University of Sciences and Technology. All Rights Reserved.